Texto refundido de la legislación sobre tribunales tutelares de menores : aprobado por Decreto de 11 de junio de 1948 aprobado por Decreto de 11 de junio de 1948
Descripción Física:
101 pàgines ; 17 cm
Otros Autores:
Consejo Superior de Protección de Menores (Espanya)
MARC
| LEADER | 00000nam a2200000Ia 4500 | ||
|---|---|---|---|
| 001 | 14166 | ||
| 003 | AGDB | ||
| 005 | 20260324175331.0 | ||
| 008 | 160829s1948 xx 000 0 cat d | ||
| 080 | |a D-2-91 | ||
| 100 | |a Espanya. Lleis, etc. |9 23269 | ||
| 245 | |a Texto refundido de la legislación sobre tribunales tutelares de menores : |b aprobado por Decreto de 11 de junio de 1948 | ||
| 260 | |a Madrid : |b Consejo Superior de Protección de Menores, |c 1948 | ||
| 300 | |a 101 pàgines ; |c 17 cm | ||
| 650 | |a Tribunals de menors |x Dret i legislació |x Espanya |9 27580 | ||
| 700 | |a Consejo Superior de Protección de Menores (Espanya) |9 27581 | ||
| 901 | |a Arxiu | ||
| 942 | |n 1 |2 udc |c ARXIU | ||
| 952 | |0 0 |1 0 |4 0 |6 D291 |7 1 |9 44453 |a Arxiu |b Arxiu |d 2016-12-01 |l 0 |o D-2-91 |p 14166 |r 2016-12-01 00:00:00 |w 2016-12-01 |y ARXIU | ||
| 999 | |c 47034 |d 47034 | ||